| 000 | 00644nam a2200193 i 4500 | ||
|---|---|---|---|
| 001 | 96139 | ||
| 003 | ES-MaACL | ||
| 005 | 20230906181843.0 | ||
| 007 | t| | ||
| 008 | 050610s1965 sp ||||1| spa d | ||
| 100 | 1 |
_aMadrenys Caballe, Pedro. _975344 |
|
| 245 | 1 | 3 |
_aLa impericia y la enfermedad como causas de remoción del párroco / _cPedro Madrenys Caballe. |
| 260 |
_aPamplona : _bCometip, _c1965. |
||
| 300 |
_a178 p. ; _c22 cm. |
||
| 490 | 1 | _aColección canónica de la Universidad de Navarra | |
| 830 | 0 |
_aColección canónica de la Universidad de Navarra _9183297 |
|
| 852 |
_aES-MaACL _jC-28877 _bR.58416 |
||
| 999 |
_c96139 _d96139 |
||